Champions du monde de Formule 1 - Mort subite - Statistiques

Statistiques générales
  • Ce quiz a été pris 502 fois
  • Le résultat moyen est 15 sur 20
Answers on the Grid
Answers color-coded by a green-red scale on the quiz's grid according to % correct below.
Max Verstappen
Lewis Hamilton
Nico Rosberg
Sebastian Vettel
Jenson Button
Kimi Räikkönen
Fernando Alonso
Michael Schumacher
Alberto Ascari
Ayrton Senna
Alain Prost
Nigel Mansell
Niki Lauda
Nelson Piquet
Juan Manuel Fangio
Mika Häkkinen
Jacques Villeneuve
Damon Hill
Emerson Fittipaldi
Jackie Stewart
Rubens Barrichello
Sergio Pérez
Felipe Massa
Riccardo Patrese
Valtteri Bottas
Nico Hülkenberg
Mark Webber
Jean Alesi
Romain Grosjean
Charles Leclerc
 
Statistiques - réponses
Réponse % Correct
Lewis Hamilton
85%
Max Verstappen
84%
Alain Prost
83%
Michael Schumacher
83%
Ayrton Senna
81%
Fernando Alonso
80%
Sebastian Vettel
79%
Niki Lauda
77%
Kimi Räikkönen
74%
Nelson Piquet
74%
Jacques Villeneuve
71%
Juan Manuel Fangio
71%
Nico Rosberg
70%
Jenson Button
69%
Damon Hill
66%
Nigel Mansell
65%
Mika Häkkinen
64%
Alberto Ascari
62%
Jackie Stewart
62%
Emerson Fittipaldi
56%
Aucun quiz correspondant
Distribution des résultats
% des personnes avec chaque résultat
Percentile par nombre de réponses
Votre historique - résultats
Vous n’avez pas pris ce quiz